El nuevo viaje de El Principito (Record no. 631)
[ view plain ]
| 000 -CABECERA | |
|---|---|
| campo de control de longitud fija | 01609nam a22003014c 4500 |
| 003 - IDENTIFICADOR DE NUMERO DE CONTROL | |
| campo de control | AR-BaSMT |
| 008 - CAMPOS DE LONGITUD FIJA | |
| campo de control de longitud fija | 230315b2025 aga|||br|||| 00| 1 spa d |
| 020 ## - ISBN: Indicadores indefinidos | |
| Número ISBN | 9789878002477 |
| 040 ## - FUENTE DE CATALOGACION | |
| Agencia de catalogación original | BSGB |
| Idioma de catalogación | español |
| Agencia que realiza la transcripción | BSGB |
| Convenciones de la descripción | rda |
| 041 0# - CODIGO DE IDIOMA | |
| Código idioma | spa |
| Idioma original | español |
| 080 ## - CDU | |
| CDU completo | 82-31 |
| 100 1# - PUNTO DE ACCESO PRINCIPAL | |
| Nombre de persona | Moreno, Eloy |
| Enlace autoridades | 413 |
| 245 13 - MENCION DE TITULO | |
| Título | El nuevo viaje de El Principito |
| 250 ## - MENCION DE EDICION | |
| Mención de edición | primera edición |
| 264 #1 - PRODUCCIÓN, PUBLICACIÓN, DISTRIBUCIÓN, ETC. | |
| Lugar de publicación, etc. | Buenos aires |
| Nombre editor. | Salamandra |
| Fecha | 2025 |
| 300 ## - DESCRIPCION FISICA | |
| Extensión | 120 páginas |
| 336 ## - TIPO DE CONTENIDO | |
| rdacontent | rdacontent |
| texto | texto |
| txt | txt |
| 337 ## - TIPO DE MEDIO | |
| rdamedia | rdamedia |
| sin mediación | sin mediación |
| n | n |
| 338 ## - TIPO DE SOPORTE | |
| rdacarrier | rdacarrier |
| volumen | volumen |
| nc | nc |
| 490 ## - TÍTULO DE LA SERIE | |
| Título de la serie | Infantil |
| 520 3# - NOTA DE SUMARIO, RESUMEN, ETC. | |
| Toda la nota | ¿Quién no querría saber lo que pasó con el Principito tras desaparecer en el desierto?<br/>Una historia totalmente nueva sobre el Principito, la rosa y el zorro, que mantiene el tono clásico y tierno de la novela original. En este nuevo viaje, el Principito descubrirá planetas habitados por personas que representan los problemas de nuestros tiempos: dependencia extrema de la tecnología, contaminación, sobrepoblación, malgasto de recursos, individualismo, y otros.<br/>Con la amistad y la empatía como hilos conductores, el universo de Saint-Exupéry brilla más que nunca con el estilo inconfundible de Eloy Moreno. |
| URL, URI, etc. | https://www.penguinlibros.com/ar/tematicas/437682-libro-el-nuevo-viaje-de-el-principito-9789878002477?srsltid=AfmBOopnG5Y-MRHEcIiihdbJ7g-Iz8IMPEfa4V-lVEzrpR22gttZ8Byd |
| 521 ## - NOTA DE PÚBLICO DESTINATARIO | |
| Nota de audiencia | A partir de 12 años |
| 650 #7 - PUNTO DE ACCESO ADICIONAL DE MATERIA – TÉRMINO TEMÁTICO | |
| Término de materia o nombre geográfico como elemento de entrada | LITERATURA INFANTIL |
| Enlace autoridades | 8 |
| Subdivisión cronológica | ESPAÑA |
| 650 #7 - PUNTO DE ACCESO ADICIONAL DE MATERIA – TÉRMINO TEMÁTICO | |
| Término de materia o nombre geográfico como elemento de entrada | NOVELA |
| Enlace autoridades | 5 |
| 700 1# - PUNTO DE ACCESO ADICIONAL – NOMBRE DE PERSONA | |
| Apellido, Nombre | Sierra, David |
| Término relacionador: | Ilustrador |
| Enlace autoridades | 472 |
| 942 ## - ELEMENTOS AGREGADOS (KOHA) | |
| CDU | Clasificación Decimal Dewey |
| Tipo de ítem | Libros |
| Disponible | Perdido | Fuente de clasificación | Estado | Ubicación permanente | Locación actual | Estante o sala | Fuente de adquisición | Número de inventario | Total préstamos | Signatura topográfica | Código de barras | Numero de ejemplar | Tipo de item de Koha | Calificador de localización códificado |
|---|---|---|---|---|---|---|---|---|---|---|---|---|---|---|
| Clasificación Decimal Dewey | Biblioteca Susana G. De Batemarco | Biblioteca Susana G. De Batemarco | Rojo | Compra Feria del Libro 2026 | 000876 | 82-31 MOR | 000876 | 1 | Libros |
